| 000 | 00457nam a22001817a 4500 | ||
|---|---|---|---|
| 003 | CEME | ||
| 005 | 20210628204126.0 | ||
| 008 | 210309b xxu||||| |||| 00| 0 eng d | ||
| 020 | _a81-7100-189-0 | ||
| 040 | _c. | ||
| 082 | _a658 AGG'M | ||
| 100 |
_aAggarwala, D. V _968853 |
||
| 245 | _aManagement , principles practices and technology | ||
| 260 |
_aNEWDELHI _bDEEP & DEEP _c1992 |
||
| 300 | _a352P | ||
| 650 |
_aMANAGEMENT _928026 |
||
| 942 |
_cBK _2ddc |
||
| 999 |
_c576308 _d576308 |
||